<?xml version="1.0" encoding="UTF-8"?>
<record
    xmlns:xsi="http://www.w3.org/2001/XMLSchema-instance"
    xsi:schemaLocation="http://www.loc.gov/MARC21/slim http://www.loc.gov/standards/marcxml/schema/MARC21slim.xsd"
    xmlns="http://www.loc.gov/MARC21/slim">

  <leader>01806cam a2200433 a 4500</leader>
  <controlfield tag="001">16939669</controlfield>
  <controlfield tag="003">OSt</controlfield>
  <controlfield tag="005">20211123140927.0</controlfield>
  <controlfield tag="008">110608s2011    ii b     b    001 0 eng d</controlfield>
  <datafield tag="010" ind1=" " ind2=" ">
    <subfield code="a">  2011311538</subfield>
  </datafield>
  <datafield tag="020" ind1=" " ind2=" ">
    <subfield code="a">9788180697357</subfield>
  </datafield>
  <datafield tag="020" ind1=" " ind2=" ">
    <subfield code="a">8180697355</subfield>
  </datafield>
  <datafield tag="025" ind1=" " ind2=" ">
    <subfield code="a">I-E-2011-311538 35-90; 49-31; 53-31</subfield>
  </datafield>
  <datafield tag="035" ind1=" " ind2=" ">
    <subfield code="a">(OCoLC)ocn747944798</subfield>
  </datafield>
  <datafield tag="035" ind1=" " ind2=" ">
    <subfield code="a">(OCoLC)747944798</subfield>
  </datafield>
  <datafield tag="037" ind1=" " ind2=" ">
    <subfield code="b">Library of Congress -- New Delhi Overseas Office</subfield>
  </datafield>
  <datafield tag="040" ind1=" " ind2=" ">
    <subfield code="a">DKAGE</subfield>
    <subfield code="b">eng</subfield>
    <subfield code="c">HU</subfield>
    <subfield code="d">DLC</subfield>
  </datafield>
  <datafield tag="042" ind1=" " ind2=" ">
    <subfield code="a">lccopycat</subfield>
    <subfield code="a">lcode</subfield>
    <subfield code="a">pcc</subfield>
  </datafield>
  <datafield tag="043" ind1=" " ind2=" ">
    <subfield code="a">a-ii---</subfield>
  </datafield>
  <datafield tag="050" ind1="0" ind2="0">
    <subfield code="a">HD1671.I52</subfield>
    <subfield code="b">S8476 2011</subfield>
  </datafield>
  <datafield tag="082" ind1="0" ind2="4">
    <subfield code="a">333.7313709542 YAD 2011</subfield>
    <subfield code="2">22</subfield>
  </datafield>
  <datafield tag="100" ind1="1" ind2=" ">
    <subfield code="a">Yadav, Hridai Ram,</subfield>
    <subfield code="d">1957-</subfield>
    <subfield code="9">20134</subfield>
  </datafield>
  <datafield tag="245" ind1="1" ind2="0">
    <subfield code="a">Agro-afforestation management on wastelands :</subfield>
    <subfield code="b">village level study /</subfield>
    <subfield code="c">Hridai R. Yadav.</subfield>
  </datafield>
  <datafield tag="260" ind1=" " ind2=" ">
    <subfield code="a">New Delhi :</subfield>
    <subfield code="b">Concept Pub. Co.,</subfield>
    <subfield code="c">2011.</subfield>
  </datafield>
  <datafield tag="300" ind1=" " ind2=" ">
    <subfield code="a">xvi, 350 p. :</subfield>
    <subfield code="b">48 maps ;</subfield>
    <subfield code="c">22 cm.</subfield>
  </datafield>
  <datafield tag="504" ind1=" " ind2=" ">
    <subfield code="a">Includes bibliographical references (p. [325]-340) and index.</subfield>
  </datafield>
  <datafield tag="520" ind1=" " ind2=" ">
    <subfield code="a">Study conducted in block level in Sultanpur District and at village level in Amethi block in Uttar Pradesh, India.</subfield>
  </datafield>
  <datafield tag="650" ind1=" " ind2="0">
    <subfield code="a">Waste lands</subfield>
    <subfield code="z">India</subfield>
    <subfield code="z">Sult&#x101;npur (District)</subfield>
    <subfield code="x">Management.</subfield>
    <subfield code="9">20135</subfield>
  </datafield>
  <datafield tag="650" ind1=" " ind2="0">
    <subfield code="a">Waste lands</subfield>
    <subfield code="z">India</subfield>
    <subfield code="z">Amethi</subfield>
    <subfield code="x">Management.</subfield>
    <subfield code="9">20136</subfield>
  </datafield>
  <datafield tag="650" ind1=" " ind2="0">
    <subfield code="a">Afforestation</subfield>
    <subfield code="z">India</subfield>
    <subfield code="z">Sult&#x101;npur (District)</subfield>
    <subfield code="x">Management.</subfield>
    <subfield code="9">20137</subfield>
  </datafield>
  <datafield tag="650" ind1=" " ind2="0">
    <subfield code="a">Afforestation</subfield>
    <subfield code="z">India</subfield>
    <subfield code="z">Amethi</subfield>
    <subfield code="x">Management.</subfield>
    <subfield code="9">20138</subfield>
  </datafield>
  <datafield tag="650" ind1=" " ind2="0">
    <subfield code="a">Reclamation of land</subfield>
    <subfield code="z">India</subfield>
    <subfield code="z">Sult&#x101;npur (District)</subfield>
    <subfield code="x">Management.</subfield>
    <subfield code="9">20139</subfield>
  </datafield>
  <datafield tag="650" ind1=" " ind2="0">
    <subfield code="a">Reclamation of land</subfield>
    <subfield code="z">India</subfield>
    <subfield code="z">Amethi</subfield>
    <subfield code="x">Management.</subfield>
    <subfield code="9">20140</subfield>
  </datafield>
  <datafield tag="650" ind1=" " ind2="0">
    <subfield code="a">Forestry projects</subfield>
    <subfield code="z">India</subfield>
    <subfield code="z">Sult&#x101;npur (District)</subfield>
    <subfield code="9">20141</subfield>
  </datafield>
  <datafield tag="650" ind1=" " ind2="0">
    <subfield code="a">Forestry projects</subfield>
    <subfield code="z">India</subfield>
    <subfield code="z">Amethi.</subfield>
    <subfield code="9">20142</subfield>
  </datafield>
  <datafield tag="906" ind1=" " ind2=" ">
    <subfield code="a">7</subfield>
    <subfield code="b">cbc</subfield>
    <subfield code="c">copycat</subfield>
    <subfield code="d">3</subfield>
    <subfield code="e">ncip</subfield>
    <subfield code="f">20</subfield>
    <subfield code="g">y-gencatlg</subfield>
  </datafield>
  <datafield tag="942" ind1=" " ind2=" ">
    <subfield code="2">ddc</subfield>
    <subfield code="c">BOOKS</subfield>
    <subfield code="n">0</subfield>
  </datafield>
  <datafield tag="999" ind1=" " ind2=" ">
    <subfield code="c">19776</subfield>
    <subfield code="d">19776</subfield>
  </datafield>
  <datafield tag="952" ind1=" " ind2=" ">
    <subfield code="0">0</subfield>
    <subfield code="1">0</subfield>
    <subfield code="2">ddc</subfield>
    <subfield code="4">0</subfield>
    <subfield code="7">0</subfield>
    <subfield code="8">REF</subfield>
    <subfield code="a">004</subfield>
    <subfield code="b">004</subfield>
    <subfield code="c">GEN</subfield>
    <subfield code="d">2021-11-23</subfield>
    <subfield code="l">0</subfield>
    <subfield code="o">333.7313709542 YAD 2011</subfield>
    <subfield code="p">WGCFNRL00007053</subfield>
    <subfield code="r">2021-11-23 00:00:00</subfield>
    <subfield code="t">1</subfield>
    <subfield code="w">2021-11-23</subfield>
    <subfield code="y">BOOKS</subfield>
  </datafield>
  <datafield tag="952" ind1=" " ind2=" ">
    <subfield code="0">0</subfield>
    <subfield code="1">0</subfield>
    <subfield code="2">ddc</subfield>
    <subfield code="4">0</subfield>
    <subfield code="7">0</subfield>
    <subfield code="8">REF</subfield>
    <subfield code="a">004</subfield>
    <subfield code="b">004</subfield>
    <subfield code="c">GEN</subfield>
    <subfield code="d">2021-11-23</subfield>
    <subfield code="l">0</subfield>
    <subfield code="o">333.7313709542 YAD 2011</subfield>
    <subfield code="p">WGCFNRL00007054</subfield>
    <subfield code="r">2021-11-23 00:00:00</subfield>
    <subfield code="t">2</subfield>
    <subfield code="w">2021-11-23</subfield>
    <subfield code="y">BOOKS</subfield>
  </datafield>
</record>
